Kết quả nghiên cứu khoa học 1997 - 2000

Nội dung chủ yếu của cuốn sách là giới thiệu kết quả một số công trình nghiên cứu chính, đặc biệt trong 10 năm 19860- 1996, của Trung tâm Nghiên cứu cây Bông trong các lĩnh vực chọn tạo giống bông, bảo vệ thực vật, nông hoá - thổ nhưỡng v...

Disgrifiad llawn

Wedi'i Gadw mewn:
Manylion Llyfryddiaeth
Awdur Corfforaethol: Công ty Bông Việt Nam
Fformat: Llyfr
Iaith:Undetermined
Cyhoeddwyd: Thành phố Hồ Chí Minh Nông nghiệp 2000
Pynciau:
Tagiau: Ychwanegu Tag
Dim Tagiau, Byddwch y cyntaf i dagio'r cofnod hwn!
Thư viện lưu trữ: Trung tâm Học liệu Trường Đại học Cần Thơ
LEADER 01404nam a2200193Ia 4500
001 CTU_138997
008 210402s9999 xx 000 0 und d
082 |a 633.51 
082 |b C455 
110 |a Công ty Bông Việt Nam 
245 0 |a Kết quả nghiên cứu khoa học 1997 - 2000 
245 0 |c Công ty Bông Việt Nam. Trung tâm Nghiên cứu cây Bông 
260 |a Thành phố Hồ Chí Minh 
260 |b Nông nghiệp 
260 |c 2000 
520 |a Nội dung chủ yếu của cuốn sách là giới thiệu kết quả một số công trình nghiên cứu chính, đặc biệt trong 10 năm 19860- 1996, của Trung tâm Nghiên cứu cây Bông trong các lĩnh vực chọn tạo giống bông, bảo vệ thực vật, nông hoá - thổ nhưỡng và kỹ thuật canh tác bông. Ngoài ra còn giới thiệu một số kết quả nghiên cứu nho, lúa, đậu xanh, phục vụ cho sản xuất ở Ninh Thuận. Những bài viết được trình bày dưới dạng tổng hợp các kết quả nghiên cứu của nhiều thí nghiệm theo từng mảng đề tài trong mỗi lĩnh vực. 
650 |a Cotton,Fiber plants 
904 |i Duy Bằng 
980 |a Trung tâm Học liệu Trường Đại học Cần Thơ